Daily Capital City Riddle #87 - Statistics

General Stats
  • This quiz has been taken 46 times
  • The average score is 27 of 32
Answer Stats
Type Answer % Correct
Alphabet Letter A
100%
Found Letter I
98%
Alphabet Letter R
98%
Alphabet Letter C
95%
Alphabet Letter O
95%
Found Letter N
93%
Alphabet Letter B
90%
Alphabet Letter G
90%
Correctly Placed Letter N
90%
Alphabet Letter P
90%
Found Letter S
90%
Alphabet Letter T
90%
Alphabet Letter E
88%
Alphabet Letter H
88%
Alphabet Letter D
85%
Alphabet Letter L
85%
Found Letter M
85%
Alphabet Letter U
85%
Alphabet Letter W
85%
Alphabet Letter Y
85%
Alphabet Letter J
83%
Found Letter K
83%
Correctly Placed Letter M
83%
Alphabet Letter V
80%
Alphabet Letter Q
78%
Correctly Placed Letter S
78%
Alphabet Letter X
78%
Alphabet Letter Z
78%
Alphabet Letter F
75%
Correctly Placed Letter I
75%
Correctly Placed Letter K
75%
Mystery Capital Minsk
75%
No matching quizzes found
Score Distribution
Percent of People with Each Score
Percentile by Number Answered
Your Score History
You have not taken this quiz